000 00686nam a2200157Ia 4500
008 231221s9999 xx 000 0 und d
020 _a978-3-642-28024-5
041 _aEnglish
100 _aMarian Gheorghe, Gheorghe Paun, Grzegorz Rozenberg, Arto Salomaa, Sergey Verlan
245 0 _aMembrane Computing
260 _c2012
_bSpringer US
_aNew York
440 _aLecture Notes in Computer Science
650 _aComputation by Abstract Devices; Mathematical Logic and Formal Languages; Simulation and Modeling; Computational Biology/Bioinformatics; Computer Communication Networks; Software Engineering/Programming and Operating Systems
650 _aComputer Science
942 _cEB
999 _c224396
_d224396